00350nam a2200145Ia 4500003000400000005001700004008004100021020001400062040002900076100001900105245003900124260002000163260000900183546001200192OSt20240222104535.0170619s9999 xx 000 0 und d a138764751 cIIMT ENGINEERING COLLEGE aHalloran- Jack 0aSupervision: The art of management bNew Delhi P H I c1986 aENGLISH